LEADER 00994oam 2200229z- 450 001 996279823603316 010 $a1-4799-2111-4 035 $a(CKB)3780000000083180 035 $a(EXLCZ)993780000000083180 100 $a20220628c2013uuuu -u- - 101 0 $aeng 200 00$aObject/Component/Service-Oriented Real-Time Distributed Computing (ISORC), 2013 IEEE 16th International Symposium on 210 $cIEEE 311 $a1-4799-2113-0 517 $a2013 IEEE 16th International Symposium on Object/Component/Service-Oriented Real-Time Distributed Computing 517 $a16th IEEE International Symposium on Object/component/service-oriented Real-time distributed Computing (ISORC 2013) 517 $a16th IEEE International Symposium on Object/component/service-oriented Real-time distributed Computing 517 $aObject/Component/Service-Oriented Real-Time Distributed Computing 906 $aPROCEEDING 912 $a996279823603316 996 $aObject$92279861 997 $aUNISA LEADER 02095nam 2200361 450 001 9910592291603321 005 20230517044325.0 035 $a(CKB)5840000000091311 035 $a(NjHacI)995840000000091311 035 $a(EXLCZ)995840000000091311 100 $a20230517d2021 uy 0 101 0 $aita 135 $aur||||||||||| 181 $ctxt$2rdacontent 182 $cc$2rdamedia 183 $acr$2rdacarrier 200 13$aUn panno medievale dell'azienda pratese di Francesco Datini $eStudio e ricostruzione sperimentale /$fDaniela Degl'Innocenti, Giampiero Nigro 210 1$aFlorence :$cFirenze University Press,$d2021. 215 $a1 online resource (172 pages) 225 0 $aBiblioteca di storia 311 $a88-5518-585-3 330 $aThe volume concludes a multi-year study conceived and carried out by the Museo del Tessuto of Prato, which involved public bodies and cultural institutions in the city motivated by the desire to see one of the identifying products of the Prato textile district returned to contemporary life: its cloth. The idea to experimentally reconstruct the cloth arose from the study of some documents of the Datini Fund, a unique archival complex in the world for historical and economic studies on the Middle Ages. The collective and interdisciplinary project is documented in a volume created in collaboration with the International Institute of Economic History "F. Datini". The historical contributions on the manufacturing and commercial management of the Datini cloth are followed by a second part that documents the study and experimentation phases of its reconstruction. 517 $aUn panno medievale dell’azienda pratese di Francesco Datini 517 $aUn panno medievale dell?azienda pratese di Francesco Datini 676 $a380.10924 700 $aDegl'Innocenti$b Daniela$01346866 702 $aNigro$b Giampiero 801 0$bNjHacI 801 1$bNjHacl 906 $aBOOK 912 $a9910592291603321 996 $aUn panno medievale dell'azienda pratese di Francesco Datini$93079901 997 $aUNINA